Normal view
MARC view
- Dygert C B & Jacobs R A
Entry Personal Name
001 - CONTROL NUMBER
- control field: 214900
003 - CONTROL NUMBER IDENTIFIER
- control field: OSt
005 - DATE AND TIME OF LATEST TRANSACTION
- control field: 20251113225414.0
008 - FIXED-LENGTH DATA ELEMENTS
- fixed length control field: 251113|| aca||aabn | a|a d
040 ## - CATALOGING SOURCE
- Original cataloging agency: OSt
- Transcribing agency: OSt
100 ## - HEADING--PERSONAL NAME
- Personal name: Dygert C B & Jacobs R A
670 ## - SOURCE DATA FOUND
- Source citation: Work cat.: (OSt)85529: Dygert C B 214899, Creating a Culture of Success, 2008